000 00844nam a22002297a 4500
999 _c221
_d221
003 AR-CdUCM
008 190222b ||||| |||| 00| 0 spa d
040 _aMUNICIPALIDAD PROVINCIAL DEL CUSCO
_cBIBLIOTECA MUNICIPAL DEL CUSCO
082 _a985.092 /
_bV18
100 _aValcarcel, Luis Eduardo
_9980
110 _aMunicipalidad del Cusco
_9876
245 _aAntología /
_cLuis E. Valcarcel
260 _aCusco :
_bConcejo Provincial del Qosqo,
_c1991.
300 _a144 páginas ;
_c21 cm.
505 _aContenido: t.1: Luis E. Valcarcel entre nosotros -- La tierra -- El hombre -- La historia -- El indigenismo...--t.2: El qosqo de valcarcel --El Cusco de comienzos de siglo.
650 _aHistoria
_9136
650 _aCusco
_9772
650 _aIncas
_9303
650 _aIndigenismo
_9208
942 _2ddc
_cLIBROS
945 _amvr
_d2019-02-22